000 00664nam a2200181Ia 4500
003 GCL
008 140319s9999 xx 000 0 ara d
040 _aGCL /
_cGCL
082 0 4 _a371.2
_bش ا
100 1 _aشاكر محمد فتحى احمد
245 1 0 _aادارة المنظمات التعليمية : رؤية معاصرة للاصول العامة /
_cشاكر محمد فتحى احمد
300 _a338 ص
490 _aالهيئة العامة للاستعلامات
_v0
650 0 4 _aالادارة المدرسية
650 0 4 _aالمنظمات التعليمية
650 0 4 _aادارة المنظمات التعليمية
942 _2ddc
_cBK
999 _c48872
_d48872